| 000 | 00694nam a22001935i 4500 | ||
|---|---|---|---|
| 001 | 166702 | ||
| 003 | ES-MaACL | ||
| 005 | 20250806063136.0 | ||
| 008 | 990405s1877 fr |||| | fre d | ||
| 040 |
_aCCPB | B _bspa _cCCPB | B |
||
| 100 | 1 |
_aTubino, Francisco María, _d1833-1888 _9111620 |
|
| 245 | 1 | 0 |
_aRecherches d'anthropologie sociale / _cpar Fr.-M. Tubino. |
| 260 |
_aParis : _bErnest Leroux, editeur, _c1877. |
||
| 300 |
_a16 p. ; _c25 cm. |
||
| 500 | 1 | _aExtrait de la Revue d'Anthropologie nº 1 1877. | |
| 650 | 7 |
_aAntropología cultural y social _2embne _99867 |
|
| 852 |
_aES-MaACL _jT-254-F-1 _z-- Enc. hol. _z-- Enc. en un vol. facticio |
||
| 999 |
_c166702 _d166702 |
||